The Idea of Order : Contributions to a Philosophy of Politics /

Bibliographic Details
Main Author: Barth, Hans
Corporate Author: SpringerLink (Online service)
Format: eBook
Language:English
Published: Dordrecht : Springer Netherlands, 1960.
Subjects:
Online Access:Connect to the full text of this electronic book

MARC

Tag First Indicator Second Indicator Subfields
LEADER 00000cam a2200000Mi 4500
001 in00003559633
006 m o d
007 cr mnu---uuaaa
008 121227s1960 ne o 000 0 eng
005 20260420204540.7
020 |a 9789401036795 (electronic bk.) 
020 |a 9401036799 (electronic bk.) 
020 |z 9789401036818 
020 |z 9401036810 
035 |a (OCoLC)851393436 
040 |a AU@  |b eng  |c AU@  |d OCLCQ  |d GW5XE  |d UtOrBLW 
049 |a TXAM 
050 4 |a BC1-199 
072 7 |a HPL  |2 bicssc 
072 7 |a PHI011000  |2 bisacsh 
082 0 4 |a 160  |2 23 
100 1 |a Barth, Hans. 
245 1 4 |a The Idea of Order :  |b Contributions to a Philosophy of Politics /  |c by Hans Barth. 
264 1 |a Dordrecht :  |b Springer Netherlands,  |c 1960. 
300 |a 1 online resource (224 pages) 
336 |a text  |b txt  |2 rdacontent 
337 |a computer  |b c  |2 rdamedia 
338 |a online resource  |b cr  |2 rdacarrier 
500 |a Electronic resource. 
650 0 |a Philosophy (General) 
650 0 |a Logic. 
655 7 |a Electronic books.  |2 local 
710 2 |a SpringerLink (Online service) 
776 1 8 |i Print version:  |z 9789401036818 
856 4 0 |u http://proxy.library.tamu.edu/login?url=https://link.springer.com/10.1007/978-94-010-3679-5  |z Connect to the full text of this electronic book  |t 0 
994 |a 92  |b TXA 
999 |a MARS 
999 f f |s c193879e-f7b5-35ec-a0f7-c4a242e37e49  |i 52a5ad4b-49df-3b15-a8c3-ec0ae52a0759  |t 0 
952 f f |a Texas A&M University  |b College Station  |c Electronic Resources  |s www_evans  |d Available Online  |t 0  |e BC1-199  |h Library of Congress classification 
998 f f |a BC1-199  |t 0  |l Available Online